Lectures on functional equations and their applications

Saved in:
Bibliographic Details
Main Author: Aczel, J.
Other Authors: Oser, Hansjorg (Editor)
Format: Book
Language:English
German
Published: Mineola, N.Y. : Dover Publications, c2006.
Subjects:
Tags: Add Tag
No Tags, Be the first to tag this record!

MARC

LEADER 00000cam a2200000 i 4500
001 1/94771
008 081001s2006 nyu| ||| |||| ||eng||
020 |a 0486445232 
035 |l 10100558 
040 |a GR-MyUA  |b gre  |e AACR2 
041 1 |a eng  |h ger 
082 0 |a 515.75  |2 (22) 
100 1 |a Aczel, J. 
245 1 0 |a Lectures on functional equations and their applications /   |c J. Aczel ; translated by Scripta Technica Inc. ; supplemented by the author ; edited by Hansjorg Oser.  
260 |a Mineola, N.Y. :   |b Dover Publications,   |c c2006.  
300 |a xxi, 510 σ. ;   |c 22 εκ.  
500 |a Originally published : New York : Academic Press, 1996.  
500 |a Τίτλος πρωτοτύπου: Vorlesungen uber Funktionalgleichungen und ihre Anwendungen.  
504 |a Περιέχει βιβλιογραφικές παραπομπές.  
650 0 0 |a Functional equations. 
700 1 |a Oser, Hansjorg,  |e edt 
852 |a INST  |b SAMOS  |e 20081001  |h 515.75 ACZ  |p 005300030028  |q 005300030028  |t BK  |y 0 
901 |a BIBL3-2008-3 
909 |a Σ  |b 152300 
922 |a 3ΕΛΗ  |b 200803  |c ΕΠΕΑΕΚ2/ΤΜΗΜΑ ΜΑΘΗΜΑΤΙΚΩΝ  |d ΠΑΤΑΚΗΣ 
970 |a ΡΟΥΣΣΟΥ  |b ΚΩΝΣΤΑΝΤΙΝΑ  |z 2008/10/01